Opening Night /

Сохранить в:
Библиографические подробности
Главный автор: Cassavetes, John (realización)
Другие авторы: Cassavetes, John (guión) (guión), Ruban, Al (fotógrafo) (fotógrafo), Corwin, Aleka (vestuario) (vestuario), Cornwell, Tom (montaje) (montaje), Harwod, Bo (música) (música), Rowlands, Gena (actuación) (actuación), Gazzara, Ben (actuación) (actuación), Cassavetes, John (actuación) (actuación)
Формат: Перемещать
Язык:английский
Опубликовано: EUA : Faces, 1977, c1977
Серии:(Criterion Collection ; 250/5)
(Criterion Collection ; 255)
Предметы:
Метки: Добавить метку
Нет меток, Требуется 1-ая метка записи!

MARC

LEADER 00000ngm^a2200000^a^4500
001 000280092
005 20250521000000.0
009 20260310111454.556
020 |a 0-78002-921-6 
020 |a 0-78002-923-2 
037 |a Acervo ITESO - Biblioteca 
041 |a ING 
082 |a 808. 8  |b CRI V. 255 
100 |a Cassavetes, John  |e (realización) 
240 1 1 |a [John Cassavetes: Five Films] 
240 1 1 |a [Noche de estreno] 
245 1 0 |a Opening Night /  |c Realización de J. Cassavetes. 
246 2 |a Título en México: Noche de estreno 
264 4 |a EUA :  |b Faces,  |c 1977, c1977 
264 2 |a Nueva York, EUA :  |b Criterion Collection [distribución],  |c 2004, c2004 
300 |a 1 DVD región 1 (144 min.) :  |b color 
336 |a imagen móvil bidimensional  |b tdi  |2 rdacontenido 
337 |a video  |b v  |2 rdamedio 
338 |a videodisco  |b vd  |2 rdasoporte 
440 1 |a (Criterion Collection ;  |v 250/5) 
440 1 |a (Criterion Collection ;  |v 255) 
545 0 |a El cineasta John Cassavetes (Nueva York, 1929 – Los Angeles, 1989) alternó a lo largo de su filmografía entre la dirección y la interpretación: inició su trayectoria como actor y llegó a participar en títulos significativos de importantes directores (Doce del patíbulo, 1967, de Robert Aldrich o El bebé de Rosemary, 1968, de Roman Polanski), pero es reconocido primordial y merecidamente como el director pionero de un cine narrativo producido al margen de los grandes estudios de Hollywood. El éxito de Sombras (1958-59), su primer largometraje como realizador y título emblema de la llamada Escuela de Nueva York, le condujo a dos malas experiencias en el cine industrial (La canción del olvido, 1961; Un niño espera, 1963), pero recuperó con Faces (1968) su independencia creativa y pudo mantenerla incólume en casi todo el resto de su obra: Los maridos (1970), Así habla el amor (1971), Neurosis de mujer (1974), The Killing of a Chinese Bookie (1976-78), Noche de estreno (1977), Gloria (1980, León de Oro a la Mejor Película en el Festival de Venecia del mismo año) y La fuerza del amor (1983, Oso de Oro a la Mejor Película en el Festival de Berlín de 1984). 
546 |a En inglés, con subtítulos opcionales: inglés 
586 |a Mejores Películas de la Historia: Encuesta de la revista Sight and Sound, selección de cineastas (2012): 91ª, ex aequo 
649 |a XX 
650 |a Actores en el Cine 
650 |a Mujeres en el Cine 
650 |a Dramas Cinematográficos 
650 |a Cine Independiente -  |z EUA 
650 |a Cine Norteamericano -  |y 1970-1979 
650 |a Cine Norteamericano -  |y Siglo XX 
650 |a Expiación -  |x Tema Principal 
650 |a Redención 
650 |a Alcoholismo 
650 |a Adicciones 
650 |a Culpa 
650 |a Teatro en el Cine 
650 |a Artes Escénicas en el Cine 
650 |a Creación (Literaria, Artística, etc.) 
650 |a Psicología y Arte 
650 |a Nueva York, EUA en el Cine 
700 |a Cassavetes, John  |e (guión) 
700 |a Ruban, Al  |e (fotógrafo) 
700 |a Corwin, Aleka  |e (vestuario) 
700 |a Cornwell, Tom  |e (montaje) 
700 |a Harwod, Bo  |e (música) 
700 |a Rowlands, Gena  |e (actuación) 
700 |a Gazzara, Ben  |e (actuación) 
700 |a Cassavetes, John  |e (actuación) 
910 |a Fondo General 
920 |a Audiovisuales - DVDs 
940 |a Películas 
905 |a 308 
901 |a 0500160416  |b IT2  |c DVR  |u 20250521 
902 |a https://opac.biblio.iteso.mx/vufind/Record/000280092